Education et sociologie
Αποθηκεύτηκε σε:
| Κύριος συγγραφέας: | |
|---|---|
| Μορφή: | Βιβλίο |
| Γλώσσα: | French |
| Δημοσίευση: |
Paris :
Presses universitaires de France,
1985
|
| Έκδοση: | 5e ed. |
| Σειρά: | Quadrige (Presses universitaires de France)
; 80 |
| Θέματα: | |
| Ετικέτες: |
Προσθήκη ετικέτας
Δεν υπάρχουν, Καταχωρήστε ετικέτα πρώτοι!
|
MARC
| LEADER | 00000cam a2200000 i 4500 | ||
|---|---|---|---|
| 001 | 1/81554 | ||
| 008 | 960710s1985 fre d | ||
| 020 | |a 2-13-044779-1 | ||
| 020 | |a 2-13-039154-0 | ||
| 020 | |a 2-13-055329-X | ||
| 035 | |a 1997 |b 3 |c Αγορά/Καλαβάσης |l 10033720 | ||
| 035 | |a 1987 |c Αγορά | ||
| 040 | |a GR-MY-UA |b gre |e aacr | ||
| 041 | 0 | |a fre | |
| 082 | 0 | |a 370.19 |2 (22) | |
| 100 | 1 | |a Durkheim, Emile, |d 1858-1917. | |
| 245 | 1 | 0 | |a Education et sociologie / |c Emile Durkheim |
| 250 | |a 5e ed. | ||
| 260 | |a Paris : |b Presses universitaires de France, |c 1985 | ||
| 300 | |a 130 σ.; |c 18 εκ. | ||
| 490 | 1 | |a Quadrige |v ; 80 | |
| 500 | |a Το Παράρτημα της Ρόδου διαθέτει την 6η έκδοση [ανατύπωση], 1997 και την 9η έκδοση [ανατύπωση], 2006 | ||
| 650 | 0 | 0 | |a Educational sociology. |
| 650 | 0 | 0 | |a Education |x Aims and objectives. |
| 650 | 0 | 0 | |a Education, Secondary |z France. |
| 650 | 0 | 0 | |a Education and state. |
| 767 | 0 | 8 | |i Μεταφρασμένο ως: |t Εκπαίδευση και κοινωνιολογία / |
| 830 | 0 | |a Quadrige (Presses universitaires de France) |v ; 80 |x 0291-0489 | |
| 852 | |a INST |b RHODES |e 19960710 |h 370.19 DUR |p 005400002785 |q 005400002785 |t BK |y 0 | ||
| 852 | |a INST |b RHODES |e 19980217 |h 370.19 DUR |p 005400011150 |q 005400011150 |t BK |y 0 | ||
| 852 | |a INST |b RHODES |e 20080506 |h 370.19 DUR |p 005400029244 |q 005400029244 |t BK |y 0 | ||
| 901 | |a BIBL4-2008-2 | ||
| 909 | |a Ρ |b 052361 |c 1997 | ||
| 909 | |a Ρ |b 005812 |c 1987 | ||
| 909 | |a Ρ |b 152471 | ||
| 922 | |a 4ΕΛΗ |b 200803 |c ΕΠΕΑΕΚ2/ΤΕΠΑΕΣ |d Παπασωτηρίου | ||